000 00752nam a2200277Ia 4500
003 OSt
005 20220912151544.0
006 a|||||r|||| 00| 0
007 ta
008 220909b |||||||| |||| 00| 0 eng d
024 _a64380
037 _cTextual
040 _aCSL
_beng
_cCSL
041 _aeng
082 _aC, M6.1
100 _aHongyuan Zhu Ed.
245 0 _aAdvances in science of China physics
260 _aBeijing
_bScience Press
_c1986
300 _a374p.
_ccm.
490 _aAdvances in science of china
650 _aPhysics
700 _a Guangzhao Zhou Ed.
700 _a Lizhi Fang Ed.
942 _hC, M6.1
_cTEXL
_2CC
999 _c71222
_d71222